Caracterización de la curva de ganancia de resistencia a compresión en concretos de alto desempeño utilizados en vigas prefabricadas, para la calibración del método de medición de velocidad de onda por ultrasonido

Gespeichert in:
Bibliographische Detailangaben
1. Verfasser: Bolaños Espinoza, Braulio
Format: Buch
Sprache:Spanish
Veröffentlicht: [San José , Costa Rica] 2017
Schlagworte:
Tags: Tag hinzufügen
Keine Tags, Fügen Sie den ersten Tag hinzu!

MARC

LEADER 00000nam a22000007a 4500
003 012761
005 20221231144243.0
008 171017b2017 cr a|||| |m|| 00| ||spa d
040 |c cru CEDI 
090 |a TFG 7912 
100 |9 10158  |a Bolaños Espinoza, Braulio  
245 |a Caracterización de la curva de ganancia de resistencia a compresión en concretos de alto desempeño utilizados en vigas prefabricadas, para la calibración del método de medición de velocidad de onda por ultrasonido  
260 |a [San José , Costa Rica]  |c 2017 
300 |a xvii, 201 hojas ; ilustraciones a color 
500 |a Proyecto de graduación (licenciatura en ingeniería civil)--Universidad de Costa Rica. Facultad de Ingeniería. Escuela de Ingeniería Civil 
650 |x HORMIGON   |x MATERIALES DE CONSTRUCCION  |x RESISTENCIA DE MATERIALES  |x CALIBRACION - NORMAS TECNICAS  |9 10159 
942 |c TFG 
999 |c 19133  |d 19133